000 00388nam a22001697a 4500
003 OSt
005 20260519153755.0
008 260519b |||||||| |||| 00| 0 eng d
020 _a9789366602967
082 _a005.133 MEP
100 _aMEHRA,Ritika
245 _aPython Programming
250 _a1st Ed Rep
260 _aNew Delhi
_bCengage
_c2025
300 _aMISC
942 _2ddc
_cBK
999 _c13974
_d13974